Welk Aziatisch Land - Statistieken

Algemene statistieken
  • Deze quiz is 1.991 keer genomen
  • De gemiddelde score is 10 van 15
Antwoordstatistieken
Vraag Antwoord % Correct
Welk land heeft de meeste inwoners? Indonesië
88%
Welk land grenst er aan Afghanistan? Iran
84%
Welk land wordt vaak genoemd als de geboorteplaats van Siddhārtha Gautama, ook wel bekend als Buddha? Nepal
84%
Welk van deze landen is voor het merendeel Christen? Georgië
83%
Welk van deze landen heeft een hoofdstad die NIET met een T begint? Noord-Korea
82%
Waar staat de Kaäba? Saoedi-Arabië
71%
Welk land werd vroeger Ceylon genoemd? Sri Lanka
69%
Welk van deze landen grenst aan de Kaspische Zee? Azerbeidzjan
65%
Welk van deze landen is een monarchie? Oman
65%
Welk land heeft kernwapens? Pakistan
63%
In welk land kan je de stad Mandalay vinden? Myanmar
61%
In welk land mondt de Mekong Rivier uit in de zee? Vietnam
55%
Waar spreekt men Tagalog? Filipijnen
52%
Welk land is NIET bezet door Japan in de Tweede Wereldoorlog? Thailand
42%
In welk land kan je het laagste punt (op land) van de wereld vinden? Israël
38%
Geen overeenkomende quizzen gevonden
Scoreverdeling
Procent van Mensen met Elke Score
Percentiel versus Aantal Correcte Antwoorden
Uw Scoregeschiedenis
U heeft deze quiz nog niet genomen